Résurrection / (Record no. 166425)

MARC details
000 -LEADER
campo de control de longitud fija 00799nam a22002055i 4500
001 - NÚMERO DE CONTROL
campo de control 166425
003 - IDENTIFICADOR DE NÚMERO DE CONTROL
campo de control ES-MaACL
005 - FECHA Y HORA DE LA ÚLTIMA TRANSACCIÓN
campo de control 20240126063022.0
008 - DATOS DE LONGITUD FIJA--INFORMACIÓN GENERAL
campo de control de longitud fija 050915s1900 fr |||| | fre d
040 ## - FUENTE DE CATALOGACIÓN
Centro catalogador/agencia de origen CAM
Lengua de catalogación spa
Centro/agencia transcriptor CAM
100 1# - ENTRADA PRINCIPAL--NOMBRE DE PERSONA
Nombre de persona Tolstói, Lev,
Fechas asociadas al nombre 1828-1910
9 (RLIN) 110489
245 10 - MENCIÓN DEL TÍTULO
Título Résurrection /
Mención de responsabilidad, etc. Comte Léon Tolstoï ; traduit du russe par Teodor de Wyzewa.
260 ## - PUBLICACIÓN, DISTRIBUCIÓN, ETC.
Lugar de publicación, distribución, etc. Paris :
Nombre del editor, distribuidor, etc. Perrin et C\pie\s libraires-éditeurs :
-- Libraire Académique Didier,
Fecha de publicación, distribución, etc. 1900 (
Lugar de fabricación/manufactura Tours :
Fabricante Imprimerie Deslis frères)
300 ## - DESCRIPCIÓN FÍSICA
Extensión 2 v. ;
Dimensiones 19 cm.
505 8# - NOTA DE CONTENIDO CON FORMATO
Nota de contenido con formato Contiene: Première et Duxième parties (448 p.) - Troisième et dernière partie (138 p.)
700 1# - ENTRADA AGREGADA--NOMBRE PERSONAL
Nombre de persona Wyzewa, Teodor de.
9 (RLIN) 117484
852 ## - LOCALIZACIÓN
Ubicación ES-MaACL
Número de control de estantería F-9474-75
Nota libre -- Enc. pasta española
Holdings
Estatus retirado Estado de pérdida Estado de daño No para préstamo Colección Biblioteca de origen Biblioteca actual Ubicación en estantería Fecha de adquisición Total de préstamos Signatura topográfica completa Código de barras Visto por última vez Precio de reemplazo Tipo de ítem Koha
        Libros del s. XIX Biblioteca del Ateneo de Madrid Biblioteca del Ateneo de Madrid Sala Pecera Planta 2 17/01/2008   F-9474-75 1174546 23/02/2023 23/02/2023 Libro impreso antiguo